000 00510nam a22001577a 4500
020 _a9780198749103
082 _a618
_bOXF
245 _aOxford Handbook of Obstetrics and Gynaecology /
_cEdited by Sally Collins; Sabaratnam Arulkumaran; Kevin Hayes; Simon Jackson; Lawrence Impey
250 _a3rd Edition.
260 _aKarachi :
_bOxford University Press,
_c2013.
300 _a824 p. ;
_bill,
_c18 cm.
563 _aPBK.
650 _aGynecology
_9113465
650 _aObstetrics
_924491
942 _2ddc
_cBK
999 _c595267
_d595267